000 00880cam a2200265 a 4500
001 2051264
005 20180208041814.0
008 930609s1994 ne a b 000 0 eng c
010 _a 93025579
020 _a9026513348 (pt. 1)
020 _a9026513712 (pt. 2)
040 _aDNLM/DLC
_cDLC
_dDLC
041 1 _aeng
060 0 0 _aWM 220 S724v 1993a
080 _a616.831 SOU
082 0 0 _a616.831 SOU
_220
100 1 _a7
101 _aNEU
240 1 0 _aVerbroken verbindigen.
_lEnglish
245 1 0 _aBroken connections :
_cLiduïn Souren & Emile Franssen.
504 _aIncludes bibliographical references.
906 _a7
_bcbc
_corignew
_d1
_eocip
_f19
_gy-gencatlg
942 _2ddc
_cBK
999 _c42096
_d42096